[Event "Smuk Skak GM 2025"]
[Site "Skanderborg"]
[Date "2025.08.23"]
[Round "8.4"]
[White "Kistrup, Nicolai"]
[Black "Kaasen, Tor Fredrik"]
[Result "1/2-1/2"]
[WhiteElo "2365"]
[BlackElo "2478"]
[WhiteFideId "1444816"]
[BlackFideId "1516647"]
[EventDate "2025.08.16"]
[EventType "tourn"]
[EventRounds "9"]
[EventCountry "DEN"]
[SourceTitle "Live v. Skanderborg Skakklub"]

1. Nf3 d5 2. g3 Nf6 3. Bg2 e6 4. O-O Be7 5. d4 O-O 6. c4 c6 7. Qc2 b6 8. Rd1 Nbd7 9. b3 Bb7 10. Nc3 Ba6 11. Ne5 Nxe5 12. dxe5 Nd7 13. cxd5 cxd5 14. e4 d4 15. Rxd4 Qc7 16. Bb2 Nxe5 17. Rc1 Rac8 18. Qd1 Qb8 19. Bf1 Rcd8 20. Nd5 exd5 21. Bxa6 dxe4 22. Rxd8 Rxd8 23. Qh5 Nf3+ 24. Kg2 Qd6 25. Qg4 Qg6 26. Qxg6 hxg6 27. Rc7 Bc5 28. b4 Bxf2 29. Bc4 Bd4 30. Bxf7+ Kh7 31. Bc1 Bb2 32. Bxb2 Rd2+ 33. Kh3 Rxb2 34. Re7 e3 35. Kg4 Nxh2+ 36. Kg5 Nf3+ 37. Kf4 Nd4 38. Kg5 Nf3+ 39. Kf4 Nd4 40. Kg5 Nf3+ 1/2-1/2

[Event "Smuk Skak GM 2025"]
[Site "Skanderborg"]
[Date "2025.08.23"]
[Round "8.5"]
[White "Ochsner, Bjorn Moller"]
[Black "Fromm, Marius"]
[Result "1-0"]
[WhiteElo "2476"]
[BlackElo "2407"]
[BlackFideId "12993190"]
[EventDate "2025.08.16"]
[EventType "tourn"]
[EventRounds "9"]
[EventCountry "DEN"]
[SourceTitle "Live v. Skanderborg Skakklub"]

1. e4 e6 2. d4 d5 3. e5 c5 4. c3 Nc6 5. Nf3 Bd7 6. Be2 Nge7 7. Na3 cxd4 8. cxd4 Nf5 9. Nc2 Be7 10. Kf1 Rc8 11. h4 a5 12. h5 Nb4 13. Nxb4 axb4 14. h6 Nxh6 15. Bxh6 gxh6 16. Rxh6 Bf8 17. Rh3 h5 18. g3 Qc7 19. Ng5 Qd8 20. Qd2 Be7 21. Nf3 Qb6 22. Kg2 b3 23. axb3 Qxb3 24. Bd3 Bb5 25. Bxb5+ Qxb5 26. Rah1 Qc4 27. Qf4 Qe2 28. Rxh5 Rf8 29. Rh8 Kd7 30. Rxf8 Rxf8 31. Rh7 Ke8 32. Qc1 Kd7 33. Qf4 Ke8 34. Qd2 Qe4 35. Rh1 Rg8 36. Ra1 Qh7 37. Ra8+ Kd7 38. Qa5 Qh8 39. Qb5+ Kc7 40. Qa5+ Kd7 41. Qb6 Rb8 42. Ng5 1-0

[Event "Smuk Skak GM 2025"]
[Site "Skanderborg"]
[Date "2025.08.24"]
[Round "9.2"]
[White "Baklan, Vladimir"]
[Black "Olsen, Filip Boe"]
[Result "1-0"]
[WhiteElo "2554"]
[BlackElo "2441"]
[WhiteFideId "14102196"]
[BlackFideId "1440640"]
[EventDate "2025.08.16"]
[EventType "tourn"]
[EventRounds "9"]
[EventCountry "DEN"]
[SourceTitle "Live v. Skanderborg Skakklub"]

1. e4 c5 2. Nf3 d6 3. d4 cxd4 4. Nxd4 Nf6 5. Nc3 a6 6. h3 e6 7. g3 b5 8. Bg2 Bb7 9. O-O b4 10. Na4 Bxe4 11. Bxe4 Nxe4 12. Re1 d5 13. c4 bxc3 14. Nxc3 Nxc3 15. Qh5 Ne4 16. Nxe6 Qb6 17. Nc7+ Qxc7 18. Qxd5 Nc6 19. Bf4 Qd7 20. Qxe4+ Be7 21. Rad1 Qb7 22. Rd6 Na5 23. Qa4+ Kf8 24. Rd7 Qc6 25. Qd1 Bf6 26. Rd6 Qc4 27. Rxf6 Kg8 28. b3 Qb5 29. Re5 Qb4 30. Rxf7 Nc6 31. Rxg7+ Kxg7 32. Qg4+ Kf7 33. Qe6+ 1-0

[Event "Smuk Skak GM 2025"]
[Site "Skanderborg"]
[Date "2025.08.24"]
[Round "9.3"]
[White "Kanov, Nikola Krasimirov"]
[Black "Kistrup, Nicolai"]
[Result "1-0"]
[WhiteElo "2429"]
[BlackElo "2365"]
[WhiteFideId "2928531"]
[BlackFideId "1444816"]
[EventDate "2025.08.16"]
[EventType "tourn"]
[EventRounds "9"]
[EventCountry "DEN"]
[SourceTitle "Live v. Skanderborg Skakklub"]

1. e4 e5 2. Nc3 Nf6 3. Bc4 Nxe4 4. Qh5 Nd6 5. Bb3 Nc6 6. Nb5 g6 7. Qf3 f5 8. Qd5 Qe7 9. Nxc7+ Kd8 10. Nxa8 b6 11. Qf3 Bb7 12. Qh3 Bxa8 13. Ne2 h5 14. O-O g5 15. Bd5 g4 16. Qa3 h4 17. d3 Nd4 18. Nxd4 Bxd5 19. c4 Bb7 20. Qxa7 exd4 21. Bf4 Kc8 22. c5 bxc5 23. Rac1 Bc6 24. Rxc5 Qd8 25. Rfc1 Qc7 26. Qa8+ Bxa8 27. Rxc7+ Kb8 28. Rc8+ Ka7 29. Bxd6 Bg7 30. R1c7+ Bb7 31. Bc5+ Ka6 32. Rxh8 Bxh8 33. Rxd7 1-0

[Event "Smuk Skak GM 2025"]
[Site "Skanderborg"]
[Date "2025.08.24"]
[Round "9.4"]
[White "Medhus, Vitus Bondo"]
[Black "Korneev, Oleg"]
[Result "1-0"]
[WhiteElo "2328"]
[BlackElo "2452"]
[WhiteFideId "1462547"]
[BlackFideId "4156803"]
[EventDate "2025.08.16"]
[EventType "tourn"]
[EventRounds "9"]
[EventCountry "DEN"]
[SourceTitle "Live v. Skanderborg Skakklub"]

1. e4 c5 2. Nf3 e6 3. d4 cxd4 4. Nxd4 Nc6 5. Nc3 Qc7 6. Be3 a6 7. Qf3 Nf6 8. O-O-O Ne5 9. Qg3 b5 10. f4 Neg4 11. Bg1 h5 12. e5 b4 13. Na4 Nd5 14. Be2 Bb7 15. h3 Nh6 16. Bh2 g6 17. Qd3 h4 18. Rhf1 Nf5 19. Nxf5 gxf5 20. Bg1 Bc6 21. b3 Bb5 22. Qd2 Bxa4 23. bxa4 b3 24. axb3 Ba3+ 25. Kb1 Nc3+ 26. Ka1 Nxe2 27. Ka2 Nc3+ 28. Kxa3 Nxd1 29. Rxd1 Rg8 30. Qe2 Qc6 31. Rd2 Rd8 32. Bf2 Rxg2 33. Qh5 Rg8 34. Bxh4 Qc3 35. Qd1 d5 36. Bxd8 Kxd8 37. Rd3 Qc5+ 38. Kb2 Qb4 39. Qf3 Ke7 40. Qf2 Rd8 41. Rc3 Ke8 42. Rc7 Rd7 43. Rc6 Rd8 44. Qh4 Qb7 45. Qh8+ Ke7 46. Rxe6+ 1-0

[Event "Smuk Skak GM 2025"]
[Site "Skanderborg"]
[Date "2025.08.24"]
[Round "9.5"]
[White "Kaasen, Tor Fredrik"]
[Black "Ochsner, Bjorn Moller"]
[Result "1/2-1/2"]
[WhiteElo "2478"]
[BlackElo "2476"]
[WhiteFideId "1516647"]
[BlackFideId "1416928"]
[EventDate "2025.08.16"]
[EventType "tourn"]
[EventRounds "9"]
[EventCountry "DEN"]
[SourceTitle "Live v. Skanderborg Skakklub"]

1. d4 Nf6 2. c4 g6 3. g3 Bg7 4. Bg2 O-O 5. Nc3 d6 6. Nf3 Nc6 7. d5 Na5 8. b3 c5 9. Bb2 a6 10. O-O Rb8 11. Nd2 b5 12. Qc1 Bh6 13. e3 bxc4 14. bxc4 Bf5 15. Nd1 e5 16. Re1 Re8 17. Bc3 Nb7 18. e4 Bd7 19. Rb1 Nh5 20. Ne3 f5 21. exf5 gxf5 22. Qd1 Ng7 23. Rb2 Qc7 24. Qe2 Nd8 25. Rxb8 Qxb8 26. Rf1 Nf7 27. f4 Qd8 28. Qf3 exf4 29. gxf4 Qh4 30. Bh3 Qxf4 31. Qxf4 Bxf4 32. Rxf4 Rxe3 33. Rf3 Rxf3 34. Nxf3 Nh5 35. Bd2 Kg7 36. Kf2 Kf6 37. Bc3+ Kg6 38. Nh4+ Kg5 39. Nf3+ Kg6 40. Nh4+ Kg5 41. Nf3+ Kh6 42. Nh4 Kg5 1/2-1/2